000 00532nam a2200193Ia 4500
008 131103s9999 xx 000 0 und d
040 _aLoreto College
041 _aEnglish
082 _aREF3/FIN
_bLCBED/
100 _aFinlayson, Roderick
245 4 _aThe Maoris of New Zealand
_cRoderick Finlayson & Joan Smith
260 _aOxford
_bOxford University Press
_c1968
300 _a32p.
_b ill.
_c 20cm.
440 _aPeople of the World
650 _aREF3
700 _aSmith, Joan
850 _aLCBED/REF3/FIN
942 _cBK
999 _c33085
_d83564